• 首页
  • 本馆介绍
  • 公告通知
  • 最新文献
  • 馆藏检索
  • 电子资源
  • 读者导购
  • 参考咨询
  • 我的图书馆
  • 登录
  • 详细信息显示
  • 放入我的书架
  • 预约/预借图书
  • 作者相关作品
  • 分类相关作品
  • 丛书相关作品
  • 出版社相关作品

书目信息

  • 表格格式
  • 工作单格式
  • 卡片格式
书名: Pregnancy & childbirth
作者: by Tracy Hotchner.
分册号:
分册名:
出版地: New York, N.Y. :
 
出版社: Avon
出版时间: c1990.
页数: xxviii, 807 p. :
开本: 20 cm.
丛书名:
中图分类号:
科图分类号:
其他分类号: R714
主题词:
电子资源:
000 01012cam a2200325 a 450
001 E0729788585
005 20070513082304.75
008 840622s1990 a b 001 0 eng
010    @a84177416
020    @a0380876353 (pbk.) :@cUSD7.95.
035    @A(DLC) 84177416
040    @aDLC@cDLC@dDLC
050 00 @aRG525@b.H58 1984
082 00 @a618.2@2 19
090    @aR714
099    @dR714@ex59
100 1  @aHotchner, Tracie.
245 10 @aPregnancy & childbirth :@bthe complete guide for a new life / @cby Tracy Hotchner.
250    @aNewly rev. and updated.
260    @aNew York, N.Y. :@bAvon,@cc1990.
300    @axxviii, 807 p. :@bill. ;@c20 cm.
500    @aIncludes index.
504    @aBibliography: p. 655-657.
650  0 @aPregnancy.
650  0 @aChildbirth.
740 0  @aPregnancy and childbirth.
906    @a7@bcbc@corignew@d3@encip@f19@gy-gencatlg
922    @aadco
955    @aBC00 6/28/84; FF09 7-16-84
991    @bc-GenColl@hRG525@i.H58 1984@p00009558500@tCopy 1@wBOOKS
    
    Pregnancy & childbirth : : the complete guide for a new life / / by Tracy Hotchner.-Newly rev. and updated.-New York, N.Y. : : Avon, , c1990.
    xxviii, 807 p. : : ill. ; ; 20 cm.
    Includes index.-Bibliography: p. 655-657.
    
    ISBN 0380876353 (pbk.) :USD7.95.
    
●
相关链接 在E读中查询图书 在五车中查询图书 在当当中查询图书 在豆瓣中查询图书


正题名:Pregnancy & childbirth     索取号:R714/x59         预约/预借

序号 登录号 条形码 馆藏地/架位号 状态 备注
1 0007932   300079322   第二样本阅览室/ [索取号:R714/x59] 在馆    
唐山师范学院图书馆 欢迎您!
大连网信软件有限公司© 版权所有